Normal view MARC view
  • DelPico, Wayne J.

Entry Personal Name

Number of records used in: 1

001 - CONTROL NUMBER

  • control field: 25583

003 - CONTROL NUMBER IDENTIFIER

  • control field: NUST

005 - DATE AND TIME OF LATEST TRANSACTION

  • control field: 20191113105605.0

008 - FIXED-LENGTH DATA ELEMENTS

  • fixed length control field: 191113|| aca||aabn | a|a d

040 ## - CATALOGING SOURCE

  • Original cataloging agency: NUST
  • Transcribing agency: NUST

100 ## - HEADING--PERSONAL NAME

  • Personal name: DelPico, Wayne J.
  • Title of a work: Estimating building costs.

670 ## - SOURCE DATA FOUND

  • Source citation: Work cat.: (NUST): DelPico, Wayne J. 25581, Estimating building costs for the residential & light commercial construction professional /, 2012.
© 2023 Central Library, National University of Sciences and Technology. All Rights Reserved.